[Event "DVM U20 2020"]
[Site "Willingen GER"]
[Date "2021.06.27"]
[Round "7"]
[White "Goldbeck, Lars"]
[Black "Suvorov, Luca"]
[Result "0-1"]
[Termination "normal"]
[Board "2.2"]
[WhiteTitle "FM"]
[BlackTitle "FM"]
[WhiteElo "2235"]
[BlackElo "2279"]
[WhiteClock "00:26:57"]
[BlackClock "00:02:00"]
[WhiteTeam "SC Bavaria Regensburg von 1881 e.V."]
[BlackTeam "Schachgemeinschaft Porz e. V."]
[PlyCount "80"]
[WhiteFideId "16208188"]
[BlackFideId "12977071"]
[EventCountry "GER"]
[EventRounds "7"]
[EventType "team-swiss"]
[EventDate "2021.06.23"]

1. d4 {[%clk 01:30:58]} {[%emt 00:00:01]} Nf6 {[%clk 01:30:48]} {[%emt
00:00:12]} 2. c4 {[%clk 01:31:27]} e6 {[%clk 01:31:09]} {[%emt 00:00:10]} 3.
Nc3 {[%clk 01:31:56]} {[%emt 00:00:01]} Bb4 {[%clk 01:31:21]} {[%emt 00:00:17]}
4. e3 {[%clk 01:32:21]} {[%emt 00:00:06]} O-O {[%clk 01:30:54]} {[%emt
00:00:57]} 5. Bd2 {[%clk 01:32:42]} {[%emt 00:00:08]} c5 {[%clk 01:17:20]}
{[%emt 00:14:05]} 6. a3 {[%clk 01:32:47]} {[%emt 00:00:25]} Bxc3 {[%clk
01:17:18]} {[%emt 00:00:32]} 7. Bxc3 {[%clk 01:33:16]} {[%emt 00:00:02]} Ne4
{[%clk 01:17:08]} {[%emt 00:00:39]} 8. Ne2 {[%clk 01:32:06]} {[%emt 00:01:40]}
b6 {[%clk 01:03:20]} {[%emt 00:14:19]} 9. Qc2 {[%clk 01:08:32]} {[%emt
00:24:03]} d5 {[%clk 00:53:03]} {[%emt 00:10:47]} 10. Rd1 {[%clk 01:02:56]}
{[%emt 00:06:06]} Qf6 {[%clk 00:25:13]} {[%emt 00:28:20]} 11. Nf4 {[%clk
00:51:17]} {[%emt 00:12:09]} g5 {[%clk 00:22:14]} {[%emt 00:03:29]} 12. Nh5
{[%clk 00:45:30]} {[%emt 00:06:18]} Qg6 {[%clk 00:21:34]} {[%emt 00:01:09]} 13.
Be2 {[%clk 00:41:11]} {[%emt 00:04:50]} Nxf2 {[%clk 00:17:47]} {[%emt
00:04:17]} 14. Qc1 {[%clk 00:35:49]} {[%emt 00:05:52]} Nxh1 {[%clk 00:16:29]}
{[%emt 00:01:48]} 15. dxc5 {[%clk 00:35:17]} {[%emt 00:01:02]} f6 {[%clk
00:14:58]} {[%emt 00:02:00]} 16. Kf1 {[%clk 00:32:59]} {[%emt 00:02:48]} g4
{[%clk 00:10:37]} {[%emt 00:04:51]} 17. Nf4 {[%clk 00:32:10]} {[%emt 00:01:19]}
Qh6 {[%clk 00:10:45]} {[%emt 00:00:22]} 18. Kg1 {[%clk 00:27:57]} {[%emt
00:04:43]} g3 {[%clk 00:10:52]} {[%emt 00:00:24]} 19. Nh5 {[%clk 00:28:25]}
{[%emt 00:00:01]} Nf2 {[%clk 00:10:34]} {[%emt 00:00:48]} 20. hxg3 {[%clk
00:25:49]} {[%emt 00:03:07]} Nxd1 {[%clk 00:10:32]} {[%emt 00:00:31]} 21. Qxd1
{[%clk 00:26:17]} {[%emt 00:00:01]} bxc5 {[%clk 00:07:09]} {[%emt 00:03:54]}
22. cxd5 {[%clk 00:26:35]} {[%emt 00:00:12]} e5 {[%clk 00:05:02]} {[%emt
00:02:37]} 23. Bc4 {[%clk 00:25:11]} {[%emt 00:01:54]} Qg5 {[%clk 00:04:04]}
{[%emt 00:01:28]} 24. d6+ {[%clk 00:24:37]} {[%emt 00:01:03]} Kh8 {[%clk
00:04:26]} {[%emt 00:00:09]} 25. Qf3 {[%clk 00:24:31]} {[%emt 00:00:35]} Bg4
{[%clk 00:04:11]} {[%emt 00:00:45]} 26. Qxa8 {[%clk 00:24:57]} {[%emt
00:00:04]} Nd7 {[%clk 00:03:10]} {[%emt 00:01:31]} 27. Qxa7 {[%clk 00:25:09]}
{[%emt 00:00:19]} Qxh5 {[%clk 00:03:17]} {[%emt 00:00:23]} 28. Bb5 {[%clk
00:25:05]} {[%emt 00:00:34]} Qf5 {[%clk 00:02:39]} {[%emt 00:01:09]} 29. e4
{[%clk 00:24:42]} {[%emt 00:00:53]} Qe6 {[%clk 00:02:41]} {[%emt 00:00:27]} 30.
Bxd7 {[%clk 00:25:07]} {[%emt 00:00:04]} Qxd7 {[%clk 00:03:03]} {[%emt
00:00:10]} 31. Qxc5 {[%clk 00:25:34]} {[%emt 00:00:02]} Rc8 {[%clk 00:02:42]}
{[%emt 00:00:50]} 32. Qd5 {[%clk 00:25:31]} {[%emt 00:00:33]} Qc6 {[%clk
00:02:02]} {[%emt 00:01:10]} 33. Bxe5 {[%clk 00:25:26]} {[%emt 00:00:36]} Qc1+
{[%clk 00:01:54]} {[%emt 00:00:38]} 34. Kh2 {[%clk 00:25:27]} {[%emt 00:00:29]}
Qh6+ {[%clk 00:02:14]} {[%emt 00:00:09]} 35. Kg1 {[%clk 00:25:56]} fxe5 {[%clk
00:01:38]} {[%emt 00:01:07]} 36. Qxe5+ {[%clk 00:26:05]} {[%emt 00:00:20]} Qg7
{[%clk 00:01:24]} {[%emt 00:00:44]} 37. Qf4 {[%clk 00:26:25]} {[%emt 00:00:10]}
Rf8 {[%clk 00:01:28]} {[%emt 00:00:26]} 38. Qd2 {[%clk 00:26:17]} {[%emt
00:00:38]} Qe5 {[%clk 00:01:23]} {[%emt 00:00:36]} 39. Qh6 {[%clk 00:26:33]}
{[%emt 00:00:14]} Qc5+ {[%clk 00:01:31]} {[%emt 00:00:22]} 40. Kh2 {[%clk
00:26:57]} {[%emt 00:00:05]} Qh5+ {[%clk 00:02:00]} {[%emt 00:00:02]} 0-1

[Event "DVM U20 2020"]
[Site "Willingen GER"]
[Date "2021.06.27"]
[Round "7"]
[White "Fieberg, Samuel"]
[Black "Oberhofer, Cédric"]
[Result "1/2-1/2"]
[Termination "normal"]
[Board "2.3"]
[WhiteTitle "FM"]
[WhiteElo "2180"]
[BlackElo "2262"]
[WhiteClock "00:05:06"]
[BlackClock "00:08:22"]
[WhiteTeam "Schachgemeinschaft Porz e. V."]
[BlackTeam "SC Bavaria Regensburg von 1881 e.V."]
[PlyCount "96"]
[WhiteFideId "12901717"]
[BlackFideId "12941220"]
[EventCountry "GER"]
[EventRounds "7"]
[EventType "team-swiss"]
[EventDate "2021.06.23"]

1. e4 {[%clk 01:30:57]} {[%emt 00:00:02]} c5 {[%clk 01:30:53]} {[%emt
00:00:07]} 2. Nf3 {[%clk 01:31:22]} {[%emt 00:00:06]} d6 {[%clk 01:31:17]}
{[%emt 00:00:05]} 3. d4 {[%clk 01:31:48]} {[%emt 00:00:04]} cxd4 {[%clk
01:31:43]} {[%emt 00:00:05]} 4. Nxd4 {[%clk 01:32:15]} {[%emt 00:00:03]} Nf6
{[%clk 01:32:07]} {[%emt 00:00:05]} 5. Nc3 {[%clk 01:32:38]} {[%emt 00:00:07]}
Nc6 {[%clk 01:32:33]} {[%emt 00:00:04]} 6. Be2 {[%clk 01:33:03]} {[%emt
00:00:06]} e5 {[%clk 01:32:46]} {[%emt 00:00:17]} 7. Nf3 {[%clk 01:33:28]}
{[%emt 00:00:04]} h6 {[%clk 01:31:26]} {[%emt 00:01:51]} 8. O-O {[%clk
01:33:26]} {[%emt 00:00:32]} Be7 {[%clk 01:29:04]} {[%emt 00:02:51]} 9. Re1
{[%clk 01:33:51]} {[%emt 00:00:05]} O-O {[%clk 01:28:25]} {[%emt 00:01:09]} 10.
h3 {[%clk 01:34:17]} {[%emt 00:00:05]} Be6 {[%clk 01:27:58]} {[%emt 00:00:56]}
11. Bf1 {[%clk 01:34:37]} {[%emt 00:00:10]} Rc8 {[%clk 01:24:58]} {[%emt
00:03:30]} 12. Nd5 {[%clk 01:33:29]} {[%emt 00:01:38]} Bxd5 {[%clk 01:14:07]}
{[%emt 00:11:21]} 13. exd5 {[%clk 01:33:52]} {[%emt 00:00:08]} Nb8 {[%clk
01:14:26]} {[%emt 00:00:11]} 14. c4 {[%clk 01:28:26]} {[%emt 00:05:55]} Nbd7
{[%clk 01:11:43]} {[%emt 00:03:13]} 15. b4 {[%clk 01:25:29]} {[%emt 00:03:27]}
Ne8 {[%clk 01:08:03]} {[%emt 00:04:11]} 16. Qb3 {[%clk 01:23:16]} {[%emt
00:02:43]} Kh8 {[%clk 01:05:52]} {[%emt 00:02:41]} 17. a4 {[%clk 01:19:04]}
{[%emt 00:04:41]} a5 {[%clk 01:00:05]} {[%emt 00:06:18]} 18. bxa5 {[%clk
01:18:50]} {[%emt 00:00:43]} Nc5 {[%clk 00:58:57]} {[%emt 00:01:38]} 19. Qb6
{[%clk 01:15:07]} {[%emt 00:04:13]} Qd7 {[%clk 00:58:52]} {[%emt 00:00:35]} 20.
Be3 {[%clk 01:10:43]} {[%emt 00:04:55]} f5 {[%clk 00:49:37]} {[%emt 00:09:46]}
21. Qb5 {[%clk 01:03:14]} {[%emt 00:07:57]} Qd8 {[%clk 00:42:29]} {[%emt
00:07:38]} 22. Bxc5 {[%clk 01:02:27]} {[%emt 00:01:18]} Rxc5 {[%clk 00:42:54]}
{[%emt 00:00:05]} 23. Qxb7 {[%clk 01:02:53]} {[%emt 00:00:04]} Bf6 {[%clk
00:41:50]} {[%emt 00:01:34]} 24. Qb6 {[%clk 00:58:59]} {[%emt 00:04:23]} Qc8
{[%clk 00:39:26]} {[%emt 00:02:54]} 25. Nd2 {[%clk 00:52:59]} {[%emt 00:06:30]}
Bd8 {[%clk 00:37:14]} {[%emt 00:02:42]} 26. Qb2 {[%clk 00:52:14]} {[%emt
00:01:14]} Rxa5 {[%clk 00:34:24]} {[%emt 00:03:21]} 27. Nb3 {[%clk 00:52:29]}
{[%emt 00:00:16]} Ra8 {[%clk 00:34:48]} {[%emt 00:00:06]} 28. a5 {[%clk
00:49:08]} {[%emt 00:03:50]} Bf6 {[%clk 00:33:13]} {[%emt 00:02:04]} 29. Qa3
{[%clk 00:47:09]} {[%emt 00:02:30]} e4 {[%clk 00:30:18]} {[%emt 00:03:26]} 30.
Rac1 {[%clk 00:43:42]} {[%emt 00:03:56]} Qd8 {[%clk 00:22:55]} {[%emt
00:07:53]} 31. c5 {[%clk 00:37:08]} {[%emt 00:07:03]} e3 {[%clk 00:17:32]}
{[%emt 00:05:54]} 32. fxe3 {[%clk 00:22:13]} {[%emt 00:15:25]} Be5 {[%clk
00:17:15]} {[%emt 00:00:47]} 33. Nd4 {[%clk 00:20:24]} {[%emt 00:02:19]} Rxa5
{[%clk 00:14:04]} {[%emt 00:03:41]} 34. Qb3 {[%clk 00:17:04]} {[%emt 00:03:49]}
Bxd4 {[%clk 00:08:33]} {[%emt 00:06:02]} 35. exd4 {[%clk 00:17:30]} {[%emt
00:00:05]} Nf6 {[%clk 00:08:57]} {[%emt 00:00:05]} 36. Re6 {[%clk 00:11:15]}
{[%emt 00:06:44]} Ne4 {[%clk 00:06:39]} {[%emt 00:02:49]} 37. Rg6 {[%clk
00:04:33]} {[%emt 00:07:12]} Kh7 {[%clk 00:05:08]} {[%emt 00:02:01]} 38. Re6
{[%clk 00:04:47]} {[%emt 00:00:16]} Qg5 {[%clk 00:04:02]} {[%emt 00:01:36]} 39.
Re1 {[%clk 00:02:59]} {[%emt 00:02:16]} dxc5 {[%clk 00:02:50]} {[%emt
00:01:45]} 40. dxc5 {[%clk 00:01:01]} {[%emt 00:02:27]} Rxc5 {[%clk 00:01:36]}
{[%emt 00:01:44]} 41. Qb4 {[%clk 00:26:21]} {[%emt 00:05:08]} Rcc8 {[%clk
00:25:43]} {[%emt 00:06:25]} 42. Bd3 {[%clk 00:22:05]} {[%emt 00:04:46]} Nc5
{[%clk 00:15:42]} {[%emt 00:10:32]} 43. R6e3 {[%clk 00:20:22]} {[%emt
00:02:12]} Nxd3 {[%clk 00:15:22]} {[%emt 00:00:50]} 44. Rxd3 {[%clk 00:20:45]}
{[%emt 00:00:06]} Rc2 {[%clk 00:14:04]} {[%emt 00:01:48]} 45. g3 {[%clk
00:20:08]} {[%emt 00:01:08]} Ra8 {[%clk 00:11:19]} {[%emt 00:03:16]} 46. Qf4
{[%clk 00:11:40]} {[%emt 00:08:57]} Raa2 {[%clk 00:08:20]} {[%emt 00:03:30]}
47. Qxg5 {[%clk 00:04:50]} {[%emt 00:07:19]} Rg2+ {[%clk 00:08:25]} {[%emt
00:00:25]} 48. Kh1 {[%clk 00:05:06]} {[%emt 00:00:14]} Rh2+ {[%clk 00:08:22]}
{[%emt 00:00:34]} 1/2-1/2

[Event "DVM U20 2020"]
[Site "Willingen GER"]
[Date "2021.06.27"]
[Round "7"]
[White "Dechant, Georg"]
[Black "Gallasch, Jonas"]
[Result "1-0"]
[Termination "normal"]
[Board "2.4"]
[WhiteElo "2022"]
[BlackElo "2112"]
[WhiteClock "00:29:57"]
[BlackClock "00:11:36"]
[WhiteTeam "SC Bavaria Regensburg von 1881 e.V."]
[BlackTeam "Schachgemeinschaft Porz e. V."]
[PlyCount "103"]
[WhiteFideId "12956716"]
[BlackFideId "16222474"]
[EventCountry "GER"]
[EventRounds "7"]
[EventType "team-swiss"]
[EventDate "2021.06.23"]

1. e4 {[%clk 01:30:56]} {[%emt 00:00:04]} c6 {[%clk 01:30:53]} {[%emt
00:00:08]} 2. d4 {[%clk 01:31:22]} {[%emt 00:00:04]} d5 {[%clk 01:31:17]}
{[%emt 00:00:05]} 3. e5 {[%clk 01:31:49]} {[%emt 00:00:04]} c5 {[%clk
01:31:41]} {[%emt 00:00:07]} 4. Nf3 {[%clk 01:32:09]} {[%emt 00:00:03]} cxd4
{[%clk 01:31:58]} {[%emt 00:00:20]} 5. Qxd4 {[%clk 01:32:35]} {[%emt 00:00:04]}
Nc6 {[%clk 01:31:51]} {[%emt 00:00:36]} 6. Qf4 {[%clk 01:33:01]} {[%emt
00:00:03]} e6 {[%clk 01:30:22]} {[%emt 00:02:00]} 7. Nc3 {[%clk 01:31:04]}
{[%emt 00:02:27]} a6 {[%clk 01:24:09]} {[%emt 00:06:43]} 8. Be3 {[%clk
01:25:55]} {[%emt 00:05:39]} Qc7 {[%clk 01:04:35]} {[%emt 00:20:04]} 9. Qg3
{[%clk 01:15:38]} {[%emt 00:10:46]} Nge7 {[%clk 00:44:37]} {[%emt 00:20:29]}
10. Bd3 {[%clk 01:13:50]} {[%emt 00:02:18]} Nb4 {[%clk 00:43:19]} {[%emt
00:01:47]} 11. Nd4 {[%clk 01:11:52]} {[%emt 00:02:29]} Nec6 {[%clk 00:37:45]}
{[%emt 00:06:04]} 12. Nf3 {[%clk 01:02:03]} {[%emt 00:10:19]} g6 {[%clk
00:32:52]} {[%emt 00:05:24]} 13. a3 {[%clk 00:54:04]} {[%emt 00:08:29]} Nxd3+
{[%clk 00:31:28]} {[%emt 00:01:53]} 14. cxd3 {[%clk 00:50:43]} {[%emt
00:03:51]} Bg7 {[%clk 00:31:56]} {[%emt 00:00:02]} 15. d4 {[%clk 00:50:49]}
{[%emt 00:00:24]} Bd7 {[%clk 00:25:41]} {[%emt 00:06:45]} 16. O-O {[%clk
00:45:55]} {[%emt 00:05:24]} Ne7 {[%clk 00:17:29]} {[%emt 00:08:42]} 17. Rac1
{[%clk 00:36:54]} {[%emt 00:09:31]} Qb6 {[%clk 00:16:51]} {[%emt 00:01:08]} 18.
b4 {[%clk 00:36:57]} {[%emt 00:00:27]} Bb5 {[%clk 00:14:22]} {[%emt 00:02:59]}
19. Rfd1 {[%clk 00:33:22]} {[%emt 00:04:05]} Nf5 {[%clk 00:11:03]} {[%emt
00:03:49]} 20. Qh3 {[%clk 00:33:32]} {[%emt 00:00:20]} h5 {[%clk 00:11:09]}
{[%emt 00:00:24]} 21. Bg5 {[%clk 00:32:16]} {[%emt 00:01:44]} Bc4 {[%clk
00:07:02]} {[%emt 00:04:38]} 22. Na4 {[%clk 00:18:23]} {[%emt 00:14:24]} Qa7
{[%clk 00:04:21]} {[%emt 00:03:11]} 23. Rc3 {[%clk 00:10:52]} {[%emt 00:08:00]}
a5 {[%clk 00:02:44]} {[%emt 00:02:07]} 24. Nc5 {[%clk 00:09:47]} {[%emt
00:01:35]} b6 {[%clk 00:02:10]} {[%emt 00:01:05]} 25. Nd3 {[%clk 00:09:19]}
{[%emt 00:00:58]} axb4 {[%clk 00:01:44]} {[%emt 00:00:56]} 26. Nxb4 {[%clk
00:09:33]} {[%emt 00:00:15]} b5 {[%clk 00:00:59]} {[%emt 00:01:16]} 27. Be3
{[%clk 00:08:35]} {[%emt 00:01:28]} f6 {[%clk 00:00:47]} {[%emt 00:00:42]} 28.
Nh4 {[%clk 00:08:22]} {[%emt 00:00:42]} Nxh4 {[%clk 00:00:47]} {[%emt
00:00:30]} 29. Qxh4 {[%clk 00:06:55]} {[%emt 00:01:56]} Qe7 {[%clk 00:00:40]}
{[%emt 00:00:36]} 30. Nc6 {[%clk 00:05:07]} {[%emt 00:02:19]} Qf7 {[%clk
00:01:02]} {[%emt 00:00:07]} 31. exf6 {[%clk 00:04:50]} {[%emt 00:00:49]} Bxf6
{[%clk 00:01:26]} {[%emt 00:00:05]} 32. Qg3 {[%clk 00:05:13]} {[%emt 00:00:08]}
O-O {[%clk 00:00:57]} {[%emt 00:00:59]} 33. Bh6 {[%clk 00:05:25]} {[%emt
00:00:18]} Rfc8 {[%clk 00:01:05]} {[%emt 00:00:21]} 34. Ne5 {[%clk 00:05:40]}
{[%emt 00:00:16]} Bxe5 {[%clk 00:00:48]} {[%emt 00:00:47]} 35. Qxe5 {[%clk
00:06:04]} {[%emt 00:00:05]} Kh7 {[%clk 00:00:42]} {[%emt 00:00:36]} 36. Rf3
{[%clk 00:06:17]} {[%emt 00:00:16]} Qg8 {[%clk 00:01:02]} {[%emt 00:00:11]} 37.
Bg5 {[%clk 00:06:17]} {[%emt 00:00:29]} Ra7 {[%clk 00:00:38]} {[%emt 00:00:55]}
38. Rh3 {[%clk 00:06:15]} {[%emt 00:00:33]} Rf8 {[%clk 00:00:41]} {[%emt
00:00:26]} 39. g4 {[%clk 00:06:24]} {[%emt 00:00:20]} Qf7 {[%clk 00:01:07]}
{[%emt 00:00:04]} 40. f4 {[%clk 00:05:51]} {[%emt 00:01:04]} Ra6 {[%clk
00:00:34]} {[%emt 00:01:04]} 41. Rd2 {[%clk 00:00:53]} {[%emt 00:05:27]} b4
{[%clk 00:27:07]} {[%emt 00:03:57]} 42. gxh5 {[%clk 00:30:31]} {[%emt
00:00:52]} gxh5 {[%clk 00:27:13]} {[%emt 00:00:25]} 43. Bf6 {[%clk 00:29:53]}
{[%emt 00:01:08]} Qg6+ {[%clk 00:18:24]} {[%emt 00:09:19]} 44. Kf2 {[%clk
00:29:35]} {[%emt 00:00:48]} Rxf6 {[%clk 00:17:18]} {[%emt 00:01:37]} 45. Rxh5+
{[%clk 00:29:55]} {[%emt 00:00:09]} Kg7 {[%clk 00:17:16]} {[%emt 00:00:31]} 46.
Rg5 {[%clk 00:30:15]} {[%emt 00:00:11]} bxa3 {[%clk 00:17:07]} {[%emt
00:00:40]} 47. Rxg6+ {[%clk 00:29:53]} {[%emt 00:00:51]} Kxg6 {[%clk 00:17:36]}
{[%emt 00:00:01]} 48. Rd1 {[%clk 00:29:11]} {[%emt 00:01:12]} a2 {[%clk
00:12:55]} {[%emt 00:05:11]} 49. Rg1+ {[%clk 00:29:26]} {[%emt 00:00:14]} Kf7
{[%clk 00:12:44]} {[%emt 00:00:41]} 50. Qc7+ {[%clk 00:29:37]} {[%emt
00:00:18]} Kf8 {[%clk 00:12:31]} {[%emt 00:00:44]} 51. Rg7 {[%clk 00:29:33]}
{[%emt 00:00:34]} Rxf4+ {[%clk 00:11:36]} {[%emt 00:01:25]} 52. Kg3 {[%clk
00:29:57]} {[%emt 00:00:06]} 1-0

[Event "DVM U20 2020"]
[Site "Willingen GER"]
[Date "2021.06.27"]
[Round "7"]
[White "Mohammadi Nia, Borna"]
[Black "Ließ, Alexander"]
[Result "1-0"]
[Termination "normal"]
[Board "2.5"]
[WhiteElo "2079"]
[BlackElo "1911"]
[WhiteClock "00:01:29"]
[BlackClock "00:02:36"]
[WhiteTeam "Schachgemeinschaft Porz e. V."]
[BlackTeam "SC Bavaria Regensburg von 1881 e.V."]
[PlyCount "69"]
[WhiteFideId "16207319"]
[BlackFideId "16221338"]
[EventCountry "GER"]
[EventRounds "7"]
[EventType "team-swiss"]
[EventDate "2021.06.23"]

1. e4 {[%clk 01:30:56]} {[%emt 00:00:03]} c5 {[%clk 01:30:25]} {[%emt
00:00:35]} 2. Nf3 {[%clk 01:30:59]} {[%emt 00:00:28]} d6 {[%clk 01:30:41]}
{[%emt 00:00:13]} 3. d4 {[%clk 01:31:24]} {[%emt 00:00:05]} cxd4 {[%clk
01:31:04]} {[%emt 00:00:07]} 4. Nxd4 {[%clk 01:31:50]} {[%emt 00:00:04]} Nf6
{[%clk 01:31:26]} {[%emt 00:00:08]} 5. Nc3 {[%clk 01:32:16]} {[%emt 00:00:04]}
a6 {[%clk 01:31:34]} {[%emt 00:00:22]} 6. Be2 {[%clk 01:32:34]} {[%emt
00:00:12]} e5 {[%clk 01:31:25]} {[%emt 00:00:39]} 7. Nb3 {[%clk 01:32:37]}
{[%emt 00:00:27]} Be7 {[%clk 01:31:42]} {[%emt 00:00:13]} 8. Bg5 {[%clk
01:32:05]} {[%emt 00:01:01]} Be6 {[%clk 01:23:10]} {[%emt 00:09:04]} 9. Bxf6
{[%clk 01:30:05]} {[%emt 00:02:29]} Bxf6 {[%clk 01:20:59]} {[%emt 00:02:41]}
10. Qd3 {[%clk 01:26:00]} {[%emt 00:04:34]} Be7 {[%clk 01:07:07]} {[%emt
00:14:23]} 11. O-O-O {[%clk 01:23:30]} {[%emt 00:03:00]} Nd7 {[%clk 01:03:02]}
{[%emt 00:04:34]} 12. Kb1 {[%clk 01:18:42]} {[%emt 00:05:18]} b5 {[%clk
00:51:26]} {[%emt 00:12:06]} 13. Nd5 {[%clk 01:10:39]} {[%emt 00:08:33]} Bxd5
{[%clk 00:46:16]} {[%emt 00:05:41]} 14. Qxd5 {[%clk 01:07:18]} {[%emt
00:03:51]} O-O {[%clk 00:45:46]} {[%emt 00:00:58]} 15. Nd2 {[%clk 01:00:16]}
{[%emt 00:07:32]} Qb6 {[%clk 00:36:57]} {[%emt 00:09:20]} 16. Nf1 {[%clk
00:45:03]} {[%emt 00:15:44]} Nf6 {[%clk 00:35:01]} {[%emt 00:02:26]} 17. Qd3
{[%clk 00:44:28]} {[%emt 00:01:05]} d5 {[%clk 00:27:25]} {[%emt 00:08:06]} 18.
exd5 {[%clk 00:36:59]} {[%emt 00:07:59]} e4 {[%clk 00:27:31]} {[%emt 00:00:24]}
19. Qb3 {[%clk 00:29:39]} {[%emt 00:07:50]} Ne8 {[%clk 00:25:24]} {[%emt
00:02:36]} 20. f3 {[%clk 00:25:28]} {[%emt 00:04:43]} exf3 {[%clk 00:23:21]}
{[%emt 00:02:33]} 21. Bxf3 {[%clk 00:25:10]} {[%emt 00:00:48]} Nd6 {[%clk
00:23:32]} {[%emt 00:00:18]} 22. Ng3 {[%clk 00:23:16]} {[%emt 00:02:24]} a5
{[%clk 00:17:28]} {[%emt 00:06:33]} 23. Qd3 {[%clk 00:17:45]} {[%emt 00:06:02]}
a4 {[%clk 00:12:39]} {[%emt 00:05:19]} 24. Nf5 {[%clk 00:11:37]} {[%emt
00:06:38]} Bf6 {[%clk 00:11:23]} {[%emt 00:01:46]} 25. Rhf1 {[%clk 00:10:17]}
{[%emt 00:01:51]} a3 {[%clk 00:10:01]} {[%emt 00:01:52]} 26. Nxd6 {[%clk
00:06:01]} {[%emt 00:04:46]} Qxd6 {[%clk 00:10:24]} {[%emt 00:00:07]} 27. Be4
{[%clk 00:05:29]} {[%emt 00:01:02]} h6 {[%clk 00:09:47]} {[%emt 00:01:07]} 28.
b3 {[%clk 00:04:13]} {[%emt 00:01:46]} Qe5 {[%clk 00:09:33]} {[%emt 00:00:43]}
29. c3 {[%clk 00:04:42]} {[%emt 00:00:02]} Rac8 {[%clk 00:08:43]} {[%emt
00:01:19]} 30. Rf5 {[%clk 00:04:02]} {[%emt 00:01:11]} Qd6 {[%clk 00:06:13]}
{[%emt 00:02:59]} 31. Rc1 {[%clk 00:03:17]} {[%emt 00:01:15]} Rfe8 {[%clk
00:06:01]} {[%emt 00:00:42]} 32. Qf3 {[%clk 00:01:37]} {[%emt 00:02:10]} Re5
{[%clk 00:04:15]} {[%emt 00:02:17]} 33. Rxe5 {[%clk 00:01:06]} {[%emt
00:01:01]} Qxe5 {[%clk 00:04:40]} {[%emt 00:00:05]} 34. Qf5 {[%clk 00:01:27]}
{[%emt 00:00:09]} Rxc3 {[%clk 00:02:36]} {[%emt 00:02:33]} 35. Qc8+ {[%clk
00:01:29]} {[%emt 00:00:28]} 1-0

[Event "DVM U20 2020"]
[Site "Willingen GER"]
[Date "2021.06.27"]
[Round "7"]
[White "Brüll, Elias"]
[Black "Gallasch, Robin"]
[Result "1-0"]
[Termination "normal"]
[Board "2.6"]
[WhiteElo "1798"]
[BlackElo "2067"]
[WhiteClock "00:11:18"]
[BlackClock "00:03:06"]
[WhiteTeam "SC Bavaria Regensburg von 1881 e.V."]
[BlackTeam "Schachgemeinschaft Porz e. V."]
[PlyCount "47"]
[WhiteFideId "12964921"]
[BlackFideId "16222423"]
[EventCountry "GER"]
[EventRounds "7"]
[EventType "team-swiss"]
[EventDate "2021.06.23"]

1. e4 {[%clk 01:30:58]} {[%emt 00:00:02]} c6 {[%clk 01:30:55]} {[%emt
00:00:05]} 2. d4 {[%clk 01:31:25]} {[%emt 00:00:03]} d5 {[%clk 01:31:21]}
{[%emt 00:00:04]} 3. e5 {[%clk 01:31:52]} {[%emt 00:00:04]} c5 {[%clk
01:31:47]} {[%emt 00:00:04]} 4. Nf3 {[%clk 01:32:17]} {[%emt 00:00:04]} cxd4
{[%clk 01:31:59]} {[%emt 00:00:19]} 5. Qxd4 {[%clk 01:32:32]} {[%emt 00:00:15]}
Nc6 {[%clk 01:32:17]} {[%emt 00:00:12]} 6. Qf4 {[%clk 01:32:58]} {[%emt
00:00:03]} e6 {[%clk 01:31:34]} {[%emt 00:01:13]} 7. Nc3 {[%clk 01:32:54]}
{[%emt 00:00:33]} Nb4 {[%clk 01:14:45]} {[%emt 00:17:20]} 8. Nd4 {[%clk
01:32:35]} {[%emt 00:00:48]} Bc5 {[%clk 01:11:01]} {[%emt 00:04:15]} 9. Ncb5
{[%clk 01:32:10]} {[%emt 00:00:55]} Ne7 {[%clk 00:53:28]} {[%emt 00:18:03]} 10.
c3 {[%clk 01:25:05]} {[%emt 00:07:35]} Nbc6 {[%clk 00:50:03]} {[%emt 00:03:56]}
11. Qg3 {[%clk 01:16:15]} {[%emt 00:09:19]} O-O {[%clk 00:41:52]} {[%emt
00:08:41]} 12. Bh6 {[%clk 00:41:52]} {[%emt 00:34:53]} Ng6 {[%clk 00:41:07]}
{[%emt 00:01:14]} 13. Bg5 {[%clk 00:40:37]} {[%emt 00:01:46]} Qb6 {[%clk
00:38:35]} {[%emt 00:03:02]} 14. h4 {[%clk 00:25:26]} {[%emt 00:15:42]} Nxd4
{[%clk 00:30:12]} {[%emt 00:08:52]} 15. cxd4 {[%clk 00:22:59]} {[%emt
00:02:57]} Bxd4 {[%clk 00:30:16]} {[%emt 00:00:26]} 16. h5 {[%clk 00:22:11]}
{[%emt 00:01:17]} Bxe5 {[%clk 00:29:34]} {[%emt 00:01:12]} 17. f4 {[%clk
00:21:26]} {[%emt 00:01:16]} Qa5+ {[%clk 00:24:12]} {[%emt 00:05:53]} 18. Nc3
{[%clk 00:14:42]} {[%emt 00:07:14]} Nxf4 {[%clk 00:04:54]} {[%emt 00:19:47]}
19. Bxf4 {[%clk 00:14:34]} {[%emt 00:00:37]} Bxf4 {[%clk 00:05:15]} {[%emt
00:00:10]} 20. Qxf4 {[%clk 00:14:58]} {[%emt 00:00:05]} f6 {[%clk 00:05:44]}
{[%emt 00:00:02]} 21. O-O-O {[%clk 00:12:59]} {[%emt 00:02:30]} Bd7 {[%clk
00:04:23]} {[%emt 00:01:51]} 22. Bd3 {[%clk 00:10:50]} {[%emt 00:02:38]} e5
{[%clk 00:04:25]} {[%emt 00:00:28]} 23. Qg3 {[%clk 00:11:13]} {[%emt 00:00:08]}
e4 {[%clk 00:03:06]} {[%emt 00:01:49]} 24. Bxe4 {[%clk 00:11:18]} {[%emt
00:00:26]} 1-0